| 000 | 01181cam a2200229 4500 | ||
|---|---|---|---|
| 001 | WB4014-17 | ||
| 008 | 040414n2004 000 0 eng u | ||
| 035 | _a(Sirsi) u125829 | ||
| 245 | _aLow demand housing in the North West reconsidered | ||
| 260 | _c2004 | ||
| 490 |
_aCPRE Press Release _v(23/04) 31 March 2004, (3) |
||
| 520 | _aA recent report from the Campaign to protect Rural England "Useless old houses? What to do with the north west's low-demand housing and high density heritage", has re-examined the main factors that cause low demand for houses in two of the north west of England's four Housing Market Renewal Pathfinder areas. The report found that perceptions about high crime, anti-social behaviour and poor street conditions are more important in the house buying decision process than the type of house. Telephone +44 (0)1524 849055 for the full report. For the CPRE press release: http://www.cpre.org.uk/news-releases/news-rel-2004 /23-04.htm | ||
| 590 | _aWB | ||
| 590 | _aWB | ||
| 650 | _aNORTHWEST ENGLAND | ||
| 650 | _aHOUSING | ||
| 650 | _aLOW DEMAND | ||
| 650 | _aCPRE | ||
| 650 | _aHOUSE PRICES | ||
| 690 | _aREGENERATION | ||
| 942 | _n0 | ||
| 999 |
_c117200 _d117200 |
||